Navigation (Record no. 30792)
[ view plain ]
| 000 -LEADER | |
|---|---|
| fixed length control field | 00320nam a2200145Ia 4500 |
| 003 - CONTROL NUMBER IDENTIFIER | |
| control field | 0Nust |
| 005 - DATE AND TIME OF LATEST TRANSACTION | |
| control field | 20170105110253.0 |
| 008 - FIXED-LENGTH DATA ELEMENTS--GENERAL INFORMATION | |
| fixed length control field | 161124s9999 xx 000 0 und d |
| 040 ## - CATALOGING SOURCE | |
| Transcribing agency | IGIS |
| 041 ## - LANGUAGE CODE | |
| Language code of text/sound track or separate title | English |
| 082 ## - DEWEY DECIMAL CLASSIFICATION NUMBER | |
| Classification number | 3-211-00828-4 |
| Author Mark | HOF |
| 100 ## - MAIN ENTRY--PERSONAL NAME | |
| Personal name | B Hofmann-Wellenhof |
| 245 ## - TITLE STATEMENT | |
| Title | Navigation |
| 260 ## - PUBLICATION, DISTRIBUTION, ETC. | |
| Place of publication, distribution, etc. | NY |
| Name of publisher, distributor, etc. | Springer |
| Date of publication, distribution, etc. | 2003 |
| 942 ## - ADDED ENTRY ELEMENTS (KOHA) | |
| Koha item type | Book |
| Withdrawn status | Lost status | Damaged status | Not for loan | Collection code | Permanent Location | Current Location | Date acquired | Source of acquisition | Total Checkouts | Full call number | Barcode | Date last seen | Price effective from | Koha item type |
|---|---|---|---|---|---|---|---|---|---|---|---|---|---|---|
| Institute of Geographical Information Systems (IGIS) | Institute of Geographical Information Systems (IGIS) | Purchased | 3-211-00828-4HOF | IGIS513 | 01/05/2017 | Book |
